| 000 | 00645nam a2200169 i 4500 | ||
|---|---|---|---|
| 001 | 83294 | ||
| 003 | ES-MaACL | ||
| 005 | 20230906174815.0 | ||
| 007 | t| | ||
| 008 | 041115s1975 sp ||||1| spa d | ||
| 245 | 0 | 0 |
_aEstadística del movimiento de viajeros en establecimientos hoteleros y acampamentos _b: meses de julio, agosto y septiembre 1974 y resumen trimestral / _cInstituto Nacional de Estadística. |
| 260 |
_a[Madrid : _bs.n., _c1975] |
||
| 300 |
_aXI, 76 p. ; _c27 cm. |
||
| 650 | 0 | 4 |
_aTurismo- _zEspaña- _vEstadísticas. _917669 |
| 710 | 2 |
_aInstituto Nacional de Estadística (España) _95162 |
|
| 852 |
_aES-MaACL _jE-8799 _bR.93156 |
||
| 999 |
_c83294 _d83294 |
||